Карл Фридрих фон Вибекинг и строительное дело в России (Запись № 1348150)

Подробности
000 -МАРКЕР
контрольное поле 01560nam0a2200349 4500
001 - ИДЕНТИФИКАТОР ЗАПИСИ
контрольное поле RU\NLR\bibl\1142530
005 - ИДЕНТИФИКАТОР ВЕРСИИ
контрольное поле 20250615074129.0
010 ## - МЕЖДУНАРОДНЫЙ СТАНДАРТНЫЙ НОМЕР КНИГИ (ISBN)
Номер (ISBN) 3-432-06506-7
035 ## - ДРУГИЕ СИСТЕМНЫЕ НОМЕРА
Идентификатор записи (NLR Aleph) 001129380
100 ## - ДАННЫЕ ОБЩЕЙ ОБРАБОТКИ
Данные общей обработки 20071018d2005 |||y0rusy50 ca
101 0# - ЯЗЫК РЕСУРСА
Язык текста, звукозаписи и т.д. русский
-- немецкий
102 ## - СТРАНА ПУБЛИКАЦИИ ИЛИ ПРОИЗВОДСТВА
Страна публикации Российская Федерация
105 ## - ПОЛЕ КОДИРОВАННЫХ ДАННЫХ: ТЕКСТОВЫЕ МАТЕРИАЛЫ, МОНОГРАФИЧЕСКИЕ
Кодированные данные о монографическом текстовом документе a |||||||||
200 1# - ЗАГЛАВИЕ И СВЕДЕНИЯ ОБ ОТВЕТСТВЕННОСТИ
Основное заглавие Карл Фридрих фон Вибекинг и строительное дело в России
Параллельное заглавие Carl Friedrich von Wiebeking und das Bauwesen in Russland
Сведения, относящиеся к заглавию к истории русско-немецких архитектурных связей 1800-1840
Первые сведения об ответственности С.Г. Федоров
Язык параллельного заглавия немецкий
210 ## - ПУБЛИКАЦИЯ, РАСПРОСТРАНЕНИЕ И ДР.
Место издания, распространения и т.д. Berlin
-- Munchen
Имя издателя, распространителя и т. д. Deutscher Kunstverlag
Дата издания, распространения и т.д. 2005
215 ## - ФИЗИЧЕСКАЯ ХАРАКТЕРИСТИКА
Специфическое обозначение материала и объем 224 с.
Другие сведения о физической характеристике ил.
Размеры 24
300 ## - ОБЩИЕ ПРИМЕЧАНИЯ
Текст примечания Загл. обл. на нем. яз.
300 ## - ОБЩИЕ ПРИМЕЧАНИЯ
Текст примечания Авт. также на нем. яз.: Sergej G. Fedorov
300 ## - ОБЩИЕ ПРИМЕЧАНИЯ
Текст примечания Текст парал. на рус. и нем. яз.
320 ## - ПРИМЕЧАНИЯ О НАЛИЧИИ В ДОКУМЕНТЕ БИБЛИОГРАФИИ / УКАЗАТЕЛЯ
Текст примечания Библиогр. в тексте
512 1# - ЗАГЛАВИЕ ОБЛОЖКИ
Связь между полями z17790
Заглавие обложки Carl Friedrich von Wiebeking und das Bauwesen in Russland
600 #1 - ИМЯ ЛИЦА КАК ПРЕДМЕТ
Начальный элемент ввода Вибекинг
Часть имени, кроме начального элемента ввода К.Ф.ф.
Даты 1762 - 1842
Расширение инициалов личного имени Карл Фридрих фон
Системный номер авторитетной/нормативной записи 2510609
Идентификатор авторитетной/нормативной записи RU\NLR\auth\661488372
686 ## - ИНДЕКСЫ ДРУГИХ КЛАССИФИКАЦИЙ
Индекс Щ113(4Г)5-8Вибекинг
700 #1 - ИМЯ ЛИЦА - ПЕРВИЧНАЯ ОТВЕТСТВЕННОСТЬ
Начальный элемент ввода Федоров
Часть имени, кроме начального элемента ввода С. Г.
Расширение инициалов личного имени Сергей Г.
Код отношения Автор
702 #1 - ИМЯ ЛИЦА - ВТОРИЧНАЯ ОТВЕТСТВЕННОСТЬ
Начальный элемент ввода Вибекинг
Часть имени, кроме начального элемента ввода К. Ф.
Даты 1762-1842
Расширение инициалов личного имени Карл Фридрих фон
Код отношения Прочие
790 #1 - ИМЯ ЛИЦА - АЛЬТЕРНАТИВНАЯ ФОРМА
Связь между полями z17512
Начальный элемент ввода Fedorov
Часть имени, кроме начального элемента ввода S. G.
Расширение инициалов личного имени Sergej G.
Код отношения Автор
801 #0 - ИСТОЧНИК ЗАПИСИ
Страна Российская Федерация
Организация NLR
Дата составления 20071018
Правила каталогизации RCR
801 #1 - ИСТОЧНИК ЗАПИСИ
Страна Российская Федерация
Организация NLR
Дата составления 20071018
942 ## - ДОПОЛНИТЕЛЬНЫЕ ЭЛЕМЕНТЫ ЗАПИСИ (АБИС)
Тип экземпляра АБИС Книга
980 ## - КОЛЛЕКЦИЯ
Название коллекции Национальная библиография
Экземпляры
Тип экземпляра Дата поступления Источник поступления Стоимость Библиотека постоянного хранения Библиотека текущего хранения Место хранения Шифр хранения Штрих-код Статус экземпляра
Книга 18.10.2007 Зарубежный дар 500.00 РНБ (Московский) РНБ (Московский) Русский книжный фонд: издания с 1957 года 2008-7/7086 2529673  
Книга 14.01.2015 Зарубежный дар 400.00 РНБ (Московский) РНБ (Московский) Русский книжный фонд: издания с 1957 года 2008-7/7086 1-791047